00638nam a22001577a 4500003000400000005001700004008004100021040001800062100003200080245022100112260002300333650002700356650003700383700002700420856003300447OSt20240622091105.0240622b ||||| |||| 00| 0 eng d cAIMIT LIBRARY aUchil , Shwetha A.e2116174 aWork engagement organisation based self esteem and its influence on meaningful work and job embeddedness : study with special reference to new mangalore port authority /cBy Shwetha A Uchil ; Guided by Justine James. aMangalore ;c2023. aProblem identification aData analysis and interpretation aJames, Justine.eGuide 3New Mangalore Port Authority